[Event "PARDUBICE OPEN  2007 "]
[Site "CEZ arena,  Pardubice  (CZE)"]
[Date "2007.07.24"]
[Round "5"]
[White "Markgraf, Alexander"]
[Black "Pena, Gomez Manuel"]
[Result "1-0"]
[WhiteElo "2452"]
[BlackElo "2324"]
[PlyCount "115"]
[EventDate "2007.07.20"]

1. e4 c5 2. Nf3 d6 3. d4 cxd4 4. Nxd4 Nf6 5. Nc3 a6 6. Be3 e5 7. Nf3 Qc7 8. a4
Be7 9. Be2 O-O 10. O-O Be6 11. a5 Nbd7 12. Ng5 Qc6 13. Qd3 Rac8 14. Nxe6 fxe6
15. Bf3 Rf7 16. Rfd1 Bf8 17. Rd2 Nc5 18. Qc4 Qe8 19. Qe2 Rfc7 20. Rdd1 Qg6 21.
Re1 Rc6 22. Bd2 Qf7 23. Red1 Ncd7 24. Be1 Rc5 25. Qd3 Nh5 26. g3 Qg6 27. Bg2
Nhf6 28. Na4 Rc4 29. b3 Rd4 30. Qe2 Rxd1 31. Rxd1 d5 32. c4 dxc4 33. Rc1 c3 34.
Rxc3 Rxc3 35. Bxc3 Nc5 36. Nxc5 Bxc5 37. Qc4 Nd7 38. b4 Bf8 39. Bh3 Kf7 40. Qc7
Ke7 41. Qxb7 Qh5 42. Kg2 Qe2 43. Qc6 Nf6 44. Qxe6+ Kd8 45. Qc8+ Ke7 46. Qc7+
Ke8 47. Qc6+ Kd8 48. Bf5 Qc2 49. Qc8+ Ke7 50. Qe6+ Kd8 51. Bxe5 Qd3 52. Bxf6+
gxf6 53. Qxf6+ Ke8 54. Qe6+ Kd8 55. Bxh7 Qd4 56. Qd5+ Qxd5 57. exd5 Bxb4 58.
Bd3 1-0

[Event "PARDUBICE OPEN  2007 "]
[Site "CEZ arena,  Pardubice  (CZE)"]
[Date "2007.07.24"]
[Round "5"]
[White "Pozin, Sergey"]
[Black "Espig, Lutz"]
[Result "1-0"]
[WhiteElo "2450"]
[BlackElo "2320"]
[PlyCount "65"]
[EventDate "2007.07.20"]

1. d4 Nf6 2. Nf3 d6 3. c4 Nbd7 4. Nc3 e5 5. e4 Be7 6. Be2 O-O 7. O-O c6 8. Qc2
a6 9. Rd1 Qc7 10. Bg5 Re8 11. Rac1 h6 12. Bh4 Nh7 13. Bxe7 Rxe7 14. Qd2 Nhf6
15. b4 Re8 16. a3 b6 17. dxe5 dxe5 18. Nh4 Nf8 19. h3 Be6 20. Qe3 Qb7 21. Nf5
Red8 22. c5 b5 23. Rd6 Ne8 24. Rxc6 Bxf5 25. Rb6 Qc8 26. exf5 Qxf5 27. Bf3 Ra7
28. Nd5 Qg5 29. c6 Qxe3 30. fxe3 Ne6 31. Rb7 Rxb7 32. cxb7 Nd6 33. Nb6 1-0

[Event "PARDUBICE OPEN  2007 "]
[Site "CEZ arena,  Pardubice  (CZE)"]
[Date "2007.07.24"]
[Round "5"]
[White "Kuznetsov, Viktor"]
[Black "Mihailovs, Jurijs"]
[Result "1/2-1/2"]
[WhiteElo "2448"]
[BlackElo "2317"]
[PlyCount "118"]
[EventDate "2007.07.20"]

1. e4 c5 2. Nf3 e6 3. d4 cxd4 4. Nxd4 a6 5. Bd3 Bc5 6. Nb3 Ba7 7. Qe2 Nc6 8.
Be3 d6 9. f4 Nge7 10. Nc3 b5 11. Bxa7 Rxa7 12. O-O-O b4 13. Na4 Bd7 14. Qe3 Nc8
15. e5 N6e7 16. exd6 Nd5 17. Qe5 Bxa4 18. Nc5 Bd7 19. Qxg7 Qf6 20. Qxf6 Nxf6
21. Bxa6 Nb6 22. Rd4 Nfd5 23. Re1 O-O 24. f5 exf5 25. Bb7 Be6 26. Re5 Nf6 27.
Bf3 Nfd7 28. Nxe6 Nxe5 29. Nxf8 Kxf8 30. Rxb4 Nxf3 31. gxf3 Nd7 32. a4 Kg7 33.
b3 Kf6 34. f4 Ke6 35. Rd4 Ra6 36. c4 Rxd6 37. Rxd6+ Kxd6 38. b4 Kc6 39. Kc2 Nf8
40. Kd3 Ne6 41. Ke3 Kb6 42. c5+ Kc6 43. Kd3 Kd5 44. a5 Nxf4+ 45. Ke3 Ne6 46. a6
Kc6 47. Kf3 Nc7 48. a7 Kb7 49. Kf4 Kxa7 50. Kxf5 Ne8 51. b5 Kb7 52. h4 Kc7 53.
Kg5 Kd7 54. Kh6 f5 55. Kg5 Ng7 56. Kf4 h6 57. Ke5 Kc7 58. Kf4 Kc8 59. Ke5 Kd7
1/2-1/2

[Event "PARDUBICE OPEN  2007 "]
[Site "CEZ arena,  Pardubice  (CZE)"]
[Date "2007.07.24"]
[Round "5"]
[White "Kutynec, Vladimir"]
[Black "Antal, Gergely"]
[Result "1/2-1/2"]
[WhiteElo "2319"]
[BlackElo "2447"]
[PlyCount "75"]
[EventDate "2007.07.20"]

1. Nf3 Nf6 2. c4 g6 3. Nc3 d5 4. cxd5 Nxd5 5. e4 Nxc3 6. dxc3 Qxd1+ 7. Kxd1 f6
8. Bc4 e5 9. Be3 Bd6 10. Kc2 Nd7 11. b4 Ke7 12. a4 a5 13. b5 Bc5 14. Rhe1 Bxe3
15. Rxe3 g5 16. h4 h6 17. Rh1 Nb6 18. Bb3 Be6 19. Nd2 Rad8 20. Nf1 gxh4 21.
Rxh4 Bxb3+ 22. Kxb3 Rd1 23. Ng3 Rhd8 24. Rh1 Rxh1 25. Nxh1 Rd1 26. Ng3 Rb1+ 27.
Ka2 Rg1 28. Nf5+ Kf8 29. Kb3 Rxg2 30. Rh3 Nd7 31. Kc4 Rxf2 32. Rxh6 Rd2 33.
Rh8+ Kf7 34. Rh7+ Kg8 35. Rh1 Nb6+ 36. Kb3 Nc8 37. Rg1+ Kh8 38. Rh1+ 1/2-1/2

[Event "PARDUBICE OPEN  2007 "]
[Site "CEZ arena,  Pardubice  (CZE)"]
[Date "2007.07.24"]
[Round "5"]
[White "Vokac, Marek"]
[Black "Freisler, Pavel"]
[Result "1/2-1/2"]
[WhiteElo "2443"]
[BlackElo "2313"]
[PlyCount "114"]
[EventDate "2007.07.20"]

1. c4 Nf6 2. Nc3 e5 3. Nf3 d6 4. d4 Nbd7 5. e4 Be7 6. Be2 c6 7. O-O O-O 8. Re1
a6 9. h3 Qc7 10. Be3 b5 11. a3 Bb7 12. Rc1 Qb8 13. Qc2 exd4 14. Nxd4 Re8 15.
Nb3 bxc4 16. Bxc4 d5 17. exd5 cxd5 18. Bf1 Bd8 19. Nd4 g6 20. Nce2 Qd6 21. Nf3
Ne4 22. Ned4 Bb6 23. b4 a5 24. Nb5 Qf6 25. Bxb6 Qxb6 26. Nbd4 axb4 27. axb4 Ne5
28. Qb2 Nxf3+ 29. Nxf3 Ra4 30. Rb1 Rea8 31. Qd4 Qxd4 32. Nxd4 Nd2 33. Rb2 Nc4
34. Bxc4 dxc4 35. Rc1 Ra1 36. Rbc2 Bd5 37. Nb5 Be4 38. Rc3 Bd3 39. Nc7 Rxc1+
40. Rxc1 Rb8 41. Na6 Rb6 42. Nc5 Rxb4 43. Nxd3 cxd3 44. Rd1 Rb3 45. g3 Kg7 46.
Kg2 h5 47. Rd2 h4 48. g4 Kf6 49. Kf3 Ke5 50. Ke3 g5 51. Rxd3 Rxd3+ 52. Kxd3 Kf4
53. Ke2 Ke4 54. Kf1 Kf3 55. Kg1 Ke2 56. Kg2 f6 57. Kg1 Ke1 1/2-1/2

[Event "PARDUBICE OPEN  2007 "]
[Site "CEZ arena,  Pardubice  (CZE)"]
[Date "2007.07.24"]
[Round "5"]
[White "Ramesa, Davor"]
[Black "Haznedaroglu, Kivanc"]
[Result "0-1"]
[WhiteElo "2310"]
[BlackElo "2440"]
[PlyCount "102"]
[EventDate "2007.07.20"]

1. Nf3 d5 2. d4 Nf6 3. c4 c6 4. e3 e6 5. Bd3 Nbd7 6. O-O Bd6 7. Nbd2 O-O 8. e4
dxe4 9. Nxe4 Nxe4 10. Bxe4 h6 11. Bc2 e5 12. Re1 exd4 13. Qd3 Nf6 14. Nxd4 Qa5
15. Bd2 Qh5 16. h3 Rd8 17. Qc3 a5 18. Bd1 Bg4 19. Bxg4 Nxg4 20. Nf3 Nf6 21. Qc2
Bb4 22. Bc3 Bxc3 23. Qxc3 Qc5 24. a3 a4 25. Re5 Qd6 26. Rae1 Rd7 27. Ra5 Rdd8
28. Rxa8 Rxa8 29. Qe5 Qxe5 30. Rxe5 Nd7 31. Re2 Nc5 32. Rd2 Re8 33. Kf1 Re4 34.
Rd4 Re7 35. Nd2 g6 36. Nb1 Nb3 37. Rd8+ Kg7 38. Nc3 Nc5 39. g3 Re5 40. Ra8 Nd3
41. Nxa4 Re1+ 42. Kg2 Re2 43. Rd8 Rxf2+ 44. Kg1 Rf3 45. Rb8 Rxg3+ 46. Kh2 Rg5
47. Rxb7 Ne5 48. h4 Rg4 49. h5 g5 50. b3 Nf3+ 51. Kh3 Rg1 0-1

[Event "PARDUBICE OPEN  2007 "]
[Site "CEZ arena,  Pardubice  (CZE)"]
[Date "2007.07.24"]
[Round "5"]
[White "Schneider, Ilja"]
[Black "Toma, Katarzyna"]
[Result "1-0"]
[WhiteElo "2435"]
[BlackElo "2275"]
[PlyCount "67"]
[EventDate "2007.07.20"]

1. e4 c5 2. Nf3 Nc6 3. d4 cxd4 4. Nxd4 Nf6 5. Nc3 e5 6. Ndb5 d6 7. Bg5 a6 8.
Na3 b5 9. Bxf6 gxf6 10. Nd5 f5 11. c3 Bg7 12. exf5 Bxf5 13. Nc2 Be6 14. g3 O-O
15. Bg2 f5 16. O-O Rb8 17. a4 bxa4 18. Ncb4 Nxb4 19. Nxb4 Rb6 20. Rxa4 e4 21.
Nd5 Rxb2 22. Rxa6 Kh8 23. c4 Be5 24. Ra7 Rf7 25. Rxf7 Bxf7 26. Ne3 Qg5 27. c5
f4 28. Ng4 f3 29. Bh3 Qh5 30. Nxe5 dxe5 31. Qd7 Rd2 32. Qe7 h6 33. Qf6+ Kg8 34.
Rb1 1-0

[Event "PARDUBICE OPEN  2007 "]
[Site "CEZ arena,  Pardubice  (CZE)"]
[Date "2007.07.24"]
[Round "5"]
[White "Morawietz, Dieter"]
[Black "Brokken, Dennis"]
[Result "0-1"]
[WhiteElo "2425"]
[BlackElo "2248"]
[PlyCount "26"]
[EventDate "2007.07.20"]

1. e4 c6 2. d4 d5 3. e5 c5 4. dxc5 Nc6 5. Bf4 e6 6. Nf3 Bxc5 7. Bd3 Nge7 8. O-O
Ng6 9. Bg3 O-O 10. Nc3 f5 11. h4 f4 12. Ng5 Ncxe5 13. Bh2 h6 0-1

[Event "PARDUBICE OPEN  2007 "]
[Site "CEZ arena,  Pardubice  (CZE)"]
[Date "2007.07.24"]
[Round "5"]
[White "Dobrowolski, Piotr"]
[Black "Stajner, Samo"]
[Result "1-0"]
[WhiteElo "2413"]
[BlackElo "2223"]
[PlyCount "120"]
[EventDate "2007.07.20"]

1. e4 c6 2. d4 d5 3. Nc3 dxe4 4. Nxe4 Nd7 5. Ng5 Ngf6 6. Bd3 e6 7. N1f3 h6 8.
Nxe6 Qe7 9. O-O fxe6 10. Bg6+ Kd8 11. Re1 Qd6 12. Bd2 Be7 13. Ne5 Rf8 14. c4 a5
15. Nf7+ Rxf7 16. Bxf7 Nf8 17. Qf3 Bd7 18. Rad1 Ra6 19. a3 Be8 20. Bf4 Qd7 21.
Bxe8 Kxe8 22. Be5 Kf7 23. h4 b5 24. d5 cxd5 25. Bxf6 Bxf6 26. cxd5 exd5 27.
Rxd5 Rd6 28. Rxd6 Qxd6 29. Qb3+ Ne6 30. Qxb5 Bd4 31. Qf5+ Ke7 32. Qxa5 Bxb2 33.
a4 Bd4 34. Qf5 g6 35. Qxg6 Bxf2+ 36. Kxf2 Qd2+ 37. Kf1 Qf4+ 38. Ke2 Qe5+ 39.
Kd2 Qa5+ 40. Kd1 Qxa4+ 41. Qc2 Qd4+ 42. Qd2 Qa4+ 43. Ke2 Qxh4 44. Kf1 Kf6 45.
Qb2+ Kf7 46. Qb7+ Qe7 47. Qf3+ Qf6 48. Kg1 Ng5 49. Qd5+ Kg6 50. Rf1 Qb6+ 51.
Kh1 Qe6 52. Qd3+ Qe4 53. Qg3 Kh5 54. Rf4 Qb1+ 55. Kh2 Qd1 56. Rf6 Qd4 57. Ra6
Qe4 58. Rf6 Qd4 59. Rf4 Qd1 60. Qc3 Qd7 1-0

[Event "PARDUBICE OPEN  2007 "]
[Site "CEZ arena,  Pardubice  (CZE)"]
[Date "2007.07.24"]
[Round "5"]
[White "Aepfler, Christian"]
[Black "Smirnov, Artem"]
[Result "1-0"]
[WhiteElo "2282"]
[BlackElo "2410"]
[PlyCount "99"]
[EventDate "2007.07.20"]

1. e4 c5 2. c3 Nf6 3. e5 Nd5 4. Nf3 Nc6 5. d4 cxd4 6. cxd4 d6 7. Bc4 Nb6 8. Bb5
d5 9. O-O Bf5 10. Nc3 e6 11. Bg5 Qd7 12. Nh4 Bg6 13. Na4 Nxa4 14. Qxa4 a6 15.
Nxg6 fxg6 16. Rac1 Rc8 17. Bxc6 bxc6 18. Qxa6 h6 19. Be3 Be7 20. Qd3 Kf7 21. f4
h5 22. Rf3 h4 23. g4 hxg3 24. Rxg3 Rh6 25. f5 exf5 26. Bxh6 gxh6 27. Kh1 Qe6
28. Qa6 f4 29. Rgc3 Qf5 30. Qd3 Qe4+ 31. Qxe4 dxe4 32. d5 f3 33. Rc4 Bg5 34.
Rf1 cxd5 35. Rxc8 Ke6 36. Rc3 Kxe5 37. Rcxf3 exf3 38. Rxf3 Ke4 39. Kg2 d4 40.
Rb3 Bf4 41. Rh3 Be3 42. Kf1 g5 43. Rxh6 Kd3 44. Rh3 Kd2 45. a4 Bf4 46. a5 g4
47. Rh7 d3 48. a6 Kc2 49. a7 d2 50. Rd7 1-0

[Event "PARDUBICE OPEN  2007 "]
[Site "CEZ arena,  Pardubice  (CZE)"]
[Date "2007.07.24"]
[Round "5"]
[White "Sidorenko, Ilya"]
[Black "Klima, Lukas"]
[Result "1-0"]
[WhiteElo "2256"]
[BlackElo "2405"]
[PlyCount "115"]
[EventDate "2007.07.20"]

1. e4 c5 2. Nf3 Nc6 3. Bb5 g6 4. Bxc6 bxc6 5. O-O Bg7 6. Re1 Nh6 7. c3 O-O 8.
d4 cxd4 9. cxd4 d6 10. h3 f6 11. b3 Nf7 12. Bb2 Bd7 13. Nbd2 Qc8 14. Qc2 Rb8
15. e5 Bf5 16. Qc1 Rb5 17. exd6 exd6 18. Re7 Rb7 19. Qe1 Rxe7 20. Qxe7 Re8 21.
Qxa7 Bxh3 22. gxh3 Qxh3 23. d5 Qg4+ 24. Kh1 Qh5+ 25. Nh2 Qxd5+ 26. Ndf3 Re4 27.
Qa8+ Bf8 28. Rc1 Re2 29. Bd4 Ne5 30. Bxe5 dxe5 31. Qxc6 Qxc6 32. Rxc6 e4 33.
Nd4 Rxa2 34. Ng4 f5 35. Ne5 Rd2 36. Ne6 Rd6 37. Rxd6 Bxd6 38. Nc4 Bb4 39. Kg2
Kf7 40. Ng5+ Kg7 41. Kg3 h6 42. Ne6+ Kf6 43. Nc7 Bc5 44. b4 Ba7 45. b5 g5 46.
b6 f4+ 47. Kg2 Bxb6 48. Nxb6 e3 49. Ncd5+ Ke5 50. Nxe3 fxe3 51. Nc4+ Ke4 52.
Nxe3 Kf4 53. Nf1 h5 54. Ng3 h4 55. Ne2+ Ke4 56. f3+ Ke3 57. Ng1 Kf4 58. Nh3+
1-0

[Event "PARDUBICE OPEN  2007 "]
[Site "CEZ arena,  Pardubice  (CZE)"]
[Date "2007.07.24"]
[Round "5"]
[White "Meduna, Eduard"]
[Black "Alaguzov, Maxat"]
[Result "1-0"]
[WhiteElo "2392"]
[BlackElo "2200"]
[PlyCount "73"]
[EventDate "2007.07.20"]

1. d4 Nf6 2. c4 c5 3. d5 b5 4. cxb5 a6 5. bxa6 g6 6. Nc3 Bxa6 7. Nf3 Bg7 8. g3
d6 9. Bg2 O-O 10. O-O Nbd7 11. Rb1 Qa5 12. Bd2 Rfb8 13. a4 Rb7 14. Qc2 Rab8 15.
b3 Qc7 16. h3 Qc8 17. Rfc1 c4 18. b4 Rxb4 19. Rxb4 Rxb4 20. Nb5 c3 21. Bxc3 Rc4
22. Nd2 Rc5 23. Nb3 Rc4 24. Na5 Rc5 25. Nc6 Qf8 26. Qd2 Bxb5 27. axb5 Rxb5 28.
Qe3 Nb6 29. Nxe7+ Kh8 30. Bd4 Nfd7 31. Rc6 Rb4 32. Bxg7+ Qxg7 33. Nc8 Qb2 34.
Nxd6 Kg7 35. Qe7 Ne5 36. Rc7 Nbd7 37. Rxd7 1-0

[Event "PARDUBICE OPEN  2007 "]
[Site "CEZ arena,  Pardubice  (CZE)"]
[Date "2007.07.24"]
[Round "5"]
[White "Fink, Leander"]
[Black "Kireev, Alexey"]
[Result "1/2-1/2"]
[WhiteElo "2095"]
[BlackElo "2380"]
[PlyCount "164"]
[EventDate "2007.07.20"]

1. e4 d6 2. d4 g6 3. Nc3 c6 4. Be3 e5 5. dxe5 dxe5 6. Qxd8+ Kxd8 7. O-O-O+ Nd7
8. Bc4 Ke7 9. Nge2 Bh6 10. Bxh6 Nxh6 11. f3 b5 12. Bb3 a5 13. a4 b4 14. Nb1 Nc5
15. Nd2 Ba6 16. Ng3 Ng8 17. Ngf1 Nf6 18. Ne3 Nfd7 19. Ndc4 Bxc4 20. Nxc4 Ra6
21. Nd2 Nb6 22. Nc4 f6 23. Nxb6 Rxb6 24. Rd2 Rd8 25. Rxd8 Kxd8 26. Bg8 Ke7 27.
b3 Rb8 28. Bc4 f5 29. exf5 gxf5 30. Re1 Kd6 31. Rd1+ Kc7 32. Re1 Re8 33. h4 Re7
34. g4 fxg4 35. fxg4 e4 36. Kd2 Nb7 37. Ke3 Nd6 38. Rf1 Kb6 39. Be2 Kc5 40. Rf8
Ne8 41. Rf5+ Kb6 42. h5 Rg7 43. Rf8 Re7 44. g5 Nc7 45. Bc4 Nd5+ 46. Bxd5 cxd5
47. Rg8 d4+ 48. Ke2 Rc7 49. Kd1 Rf7 50. h6 Rf1+ 51. Ke2 Rh1 52. Rd8 Rh2+ 53.
Kd1 Kc5 54. Rh8 Rg2 55. Rxh7 Rxg5 56. Rh8 Rg1+ 57. Ke2 d3+ 58. cxd3 exd3+ 59.
Kxd3 Rh1 60. h7 Rh3+ 61. Ke4 Rh4+ 62. Ke3 Rh3+ 63. Kf4 Kd4 64. Rd8+ Kc3 65.
h8=Q+ Rxh8 66. Rxh8 Kxb3 67. Ke4 Kxa4 68. Ra8 Kb3 69. Rxa5 Kc2 70. Ra2+ Kc3 71.
Rh2 b3 72. Rh3+ Kc2 73. Rh2+ Kc3 74. Rh3+ Kc2 75. Kd4 b2 76. Rh2+ Kb3 77. Rh1
Kc2 78. Rh2+ Kb3 79. Rh3+ Kc2 80. Rc3+ Kd2 81. Rb3 Kc2 82. Rxb2+ Kxb2 1/2-1/2

[Event "PARDUBICE OPEN  2007 "]
[Site "CEZ arena,  Pardubice  (CZE)"]
[Date "2007.07.24"]
[Round "5"]
[White "Sveshnikov, Vladimir"]
[Black "Holloway, Timo"]
[Result "1-0"]
[WhiteElo "2378"]
[BlackElo "2092"]
[PlyCount "59"]
[EventDate "2007.07.20"]

1. e4 c5 2. c3 Nf6 3. e5 Nd5 4. Nf3 e6 5. d4 cxd4 6. cxd4 d6 7. Bc4 Nc6 8. O-O
Be7 9. Qe2 O-O 10. Nc3 dxe5 11. dxe5 Nxc3 12. bxc3 b6 13. Bd3 Bb7 14. Qe4 g6
15. Bh6 Re8 16. Rad1 Qc7 17. Qf4 Rad8 18. Rfe1 f6 19. Qc4 Qc8 20. exf6 Bxf6 21.
Bg5 b5 22. Qh4 Bxc3 23. Bxd8 Nxd8 24. Bxb5 Bxf3 25. Bxe8 Bxd1 26. Rxd1 Nb7 27.
Qe7 Bg7 28. Bf7+ Kh8 29. Bxe6 Qf8 30. Qxb7 1-0

[Event "PARDUBICE OPEN  2007 "]
[Site "CEZ arena,  Pardubice  (CZE)"]
[Date "2007.07.24"]
[Round "5"]
[White "Musakaev, Emil"]
[Black "Teske, Henrik"]
[Result "1/2-1/2"]
[WhiteElo "2288"]
[BlackElo "2578"]
[PlyCount "70"]
[EventDate "2007.07.20"]

1. e4 c5 2. Nf3 Nc6 3. Bb5 Qb6 4. Nc3 e6 5. O-O Nd4 6. Bc4 Ne7 7. d3 g6 8. Nxd4
cxd4 9. Ne2 Bg7 10. c3 d5 11. Bb3 dxc3 12. Nxc3 d4 13. Nb1 O-O 14. Na3 Bd7 15.
Bd2 Rfc8 16. Nc4 Qc7 17. Bb4 Qd8 18. a4 Nc6 19. Ba3 Na5 20. Nd6 Nxb3 21. Qxb3
Rc6 22. Rfc1 Qb6 23. Qxb6 axb6 24. Rxc6 bxc6 25. Nc4 Ra6 26. a5 bxa5 27. Bc5 e5
28. Rxa5 Rxa5 29. Nxa5 f5 30. f3 Kf7 31. Kf2 Ke6 32. Ke2 Bf6 33. Nc4 Bc8 34.
Na5 Bd7 35. Nc4 Bc8 1/2-1/2

[Event "PARDUBICE OPEN  2007 "]
[Site "CEZ arena,  Pardubice  (CZE)"]
[Date "2007.07.24"]
[Round "5"]
[White "Jedynak, Radoslaw"]
[Black "Grabinsky, Vladimir"]
[Result "1/2-1/2"]
[WhiteElo "2540"]
[BlackElo "2288"]
[PlyCount "58"]
[EventDate "2007.07.20"]

1. d4 Nf6 2. c4 e6 3. Nc3 d5 4. cxd5 exd5 5. Bg5 c6 6. e3 Be7 7. Bd3 Nbd7 8.
Qc2 Nf8 9. Nf3 Ne6 10. Bh4 g6 11. O-O O-O 12. Rab1 a5 13. a3 Ne8 14. Bxe7 Qxe7
15. Na4 Nd6 16. Nb6 Ra7 17. b4 axb4 18. axb4 Nc7 19. b5 cxb5 20. Qc5 Ra6 21.
Nxd5 Nxd5 22. Qxd5 Be6 23. Qe5 f6 24. Qc5 Rc8 25. Qb4 Ra4 26. Qd2 Bc4 27. e4
Nxe4 28. Qe3 Bxd3 29. Qxd3 Nc3 1/2-1/2

[Event "PARDUBICE OPEN  2007 "]
[Site "CEZ arena,  Pardubice  (CZE)"]
[Date "2007.07.24"]
[Round "5"]
[White "Molnar, Peter"]
[Black "Warakomski, Tomasz"]
[Result "0-1"]
[WhiteElo "2278"]
[BlackElo "2506"]
[PlyCount "50"]
[EventDate "2007.07.20"]

1. Nf3 g6 2. d4 Bg7 3. g3 d6 4. Bg2 f5 5. O-O Nf6 6. b3 O-O 7. Bb2 c6 8. c4 Na6
9. Nc3 Rb8 10. d5 c5 11. Qc2 Nc7 12. Rae1 b5 13. Nd2 Ba6 14. Ba1 bxc4 15. bxc4
Ng4 16. a3 Ne5 17. Qa2 Na8 18. f4 Ng4 19. e3 Qa5 20. Nb3 Rxb3 21. Qxb3 Nb6 22.
Nb5 Bxa1 23. Rxa1 Nxc4 24. Rfe1 Bxb5 25. Bf1 Nd2 0-1

[Event "PARDUBICE OPEN  2007 "]
[Site "CEZ arena,  Pardubice  (CZE)"]
[Date "2007.07.24"]
[Round "5"]
[White "Podolchenko, Evgeniy"]
[Black "Genutis, Mindaugas"]
[Result "1-0"]
[WhiteElo "2458"]
[BlackElo "2283"]
[PlyCount "51"]
[EventDate "2007.07.20"]

1. d4 d5 2. c4 c6 3. Nf3 Nf6 4. Nc3 dxc4 5. e4 b5 6. e5 Nd5 7. a4 h6 8. Ne4 Bf5
9. Ng3 Bg4 10. axb5 cxb5 11. b3 e6 12. bxc4 bxc4 13. Bxc4 Bb4+ 14. Kf1 O-O 15.
h3 Bxf3 16. gxf3 f5 17. Rg1 Kh8 18. Nh5 Rf7 19. Rg6 Nc6 20. Rxe6 Nc3 21. Qd2
Ne4 22. Qe3 Qxd4 23. Rxc6 Qxa1 24. fxe4 f4 25. Nxf4 Rd7 26. Rxh6+ 1-0

[Event "PARDUBICE OPEN  2007 "]
[Site "CEZ arena,  Pardubice  (CZE)"]
[Date "2007.07.24"]
[Round "5"]
[White "Klovans, Janis"]
[Black "Ohme, Melanie"]
[Result "1-0"]
[WhiteElo "2446"]
[BlackElo "2278"]
[PlyCount "61"]
[EventDate "2007.07.20"]

1. e4 c5 2. Nf3 e6 3. d4 cxd4 4. Nxd4 a6 5. Bd3 Bc5 6. Nb3 Ba7 7. Nc3 Nc6 8.
Qg4 Nf6 9. Qg3 d6 10. O-O Ne5 11. Be2 b5 12. Bf4 b4 13. Rad1 Qe7 14. Rxd6 Ng6
15. e5 bxc3 16. exf6 gxf6 17. Bf3 Bb7 18. Rd3 e5 19. Bxb7 Qxb7 20. Bc1 cxb2 21.
Bxb2 Rg8 22. Rfd1 h5 23. Ba3 h4 24. Qg4 f5 25. Qg5 Ne7 26. Na5 Bxf2+ 27. Kxf2
Qb6+ 28. Qe3 Qxa5 29. Rd5 f4 30. Qb3 Qc7 31. Rd7 1-0

[Event "PARDUBICE OPEN  2007 "]
[Site "CEZ arena,  Pardubice  (CZE)"]
[Date "2007.07.24"]
[Round "5"]
[White "Sabol, Marian"]
[Black "Pokazanjev, Nikolai"]
[Result "1-0"]
[WhiteElo "2285"]
[BlackElo "2443"]
[PlyCount "83"]
[EventDate "2007.07.20"]

1. d4 Nf6 2. g3 g6 3. Bg2 Bg7 4. e4 d6 5. Ne2 O-O 6. O-O Nbd7 7. f4 c5 8. c3
Rb8 9. h3 b5 10. e5 Ne8 11. Nd2 Bb7 12. Ne4 b4 13. Be3 bxc3 14. bxc3 cxd4 15.
cxd4 Nc7 16. Rb1 Nb6 17. Kh2 f6 18. exd6 exd6 19. d5 Bxd5 20. Bxb6 Rxb6 21.
Rxb6 axb6 22. Nxf6+ Qxf6 23. Bxd5+ Kh8 24. Bb3 Re8 25. Rf2 d5 26. Ng1 d4 27.
Nf3 Nb5 28. Re2 Rxe2+ 29. Qxe2 Nd6 30. Ne5 Qd8 31. Qe4 Nxe4 32. Nf7+ Kg8 33.
Nxd8+ Kf8 34. Ne6+ Ke7 35. Nxg7 Nc5 36. Kg2 d3 37. Kf3 d2 38. Ke2 Ne4 39. g4
d1=Q+ 40. Kxd1 Nf2+ 41. Ke2 Nxh3 42. Ne6 1-0

[Event "PARDUBICE OPEN  2007 "]
[Site "CEZ arena,  Pardubice  (CZE)"]
[Date "2007.07.24"]
[Round "5"]
[White "Rudolf, Anna"]
[Black "Biolek, Richard"]
[Result "1/2-1/2"]
[WhiteElo "2275"]
[BlackElo "2436"]
[PlyCount "102"]
[EventDate "2007.07.20"]

1. e4 e5 2. Nf3 Nc6 3. Bc4 Bc5 4. c3 Nf6 5. d3 d6 6. Bb3 a6 7. Nbd2 Ng4 8. O-O
O-O 9. h3 Nh6 10. Nc4 b5 11. Ne3 Na5 12. Bc2 Bxe3 13. Bxe3 f5 14. d4 fxe4 15.
Bxe4 d5 16. Bg5 Qd7 17. Nxe5 Qd6 18. Bc2 Bf5 19. Re1 Bxc2 20. Qxc2 Nf5 21. Re2
h6 22. Bf4 Nc6 23. Qd2 Nxe5 24. Rxe5 Qd7 25. Rae1 c6 26. Bh2 Rae8 27. Qe2 Nd6
28. Re7 Rxe7 29. Qxe7 Re8 30. Bxd6 Rxe7 31. Bxe7 Qf5 32. b4 Qc2 33. Re3 Qb1+
34. Kh2 Qxa2 35. Rf3 a5 36. bxa5 Qxa5 37. Bd6 Qa2 38. Be5 Qc2 39. Rg3 g6 40.
Rf3 g5 41. Bd6 Kg7 42. Be5+ Kg8 43. Bd6 Kg7 44. Be7 Qg6 45. Bf8+ Kg8 46. Be7
Qe6 47. Bc5 Kg7 48. Re3 Qf5 49. Rf3 Qe6 50. Re3 Qf5 51. Rf3 Qe6 1/2-1/2

[Event "PARDUBICE OPEN  2007 "]
[Site "CEZ arena,  Pardubice  (CZE)"]
[Date "2007.07.24"]
[Round "5"]
[White "Schuh, Dirk"]
[Black "Shtyrenkov, Veniamin"]
[Result "1/2-1/2"]
[WhiteElo "2275"]
[BlackElo "2435"]
[PlyCount "49"]
[EventDate "2007.07.20"]

1. e4 c5 2. Nf3 d6 3. d4 cxd4 4. Nxd4 Nf6 5. Nc3 a6 6. Qf3 e6 7. g4 Nfd7 8. g5
b5 9. Qh3 Nb6 10. g6 fxg6 11. Nxe6 Qe7 12. Qe3 Qxe6 13. Qxb6 Nd7 14. Qd4 Bb7
15. Bf4 Be7 16. O-O-O O-O 17. Bxd6 Bf6 18. Qd3 Bxc3 19. Bxf8 Bf6 20. Qxd7 Qxa2
21. Be7 Qxb2+ 22. Kd2 Qc3+ 23. Kc1 Qa1+ 24. Kd2 Qc3+ 25. Kc1 1/2-1/2

[Event "PARDUBICE OPEN  2007 "]
[Site "CEZ arena,  Pardubice  (CZE)"]
[Date "2007.07.24"]
[Round "5"]
[White "Kanovsky, David"]
[Black "Shilov, Sergej"]
[Result "1-0"]
[WhiteElo "2410"]
[BlackElo "2270"]
[PlyCount "89"]
[EventDate "2007.07.20"]

1. e4 e5 2. Nf3 Nf6 3. Nxe5 d6 4. Nf3 Nxe4 5. d4 d5 6. Bd3 Bd6 7. O-O O-O 8. c4
c6 9. Qc2 f5 10. Nc3 Be6 11. Qb3 Qd7 12. Re1 Na6 13. cxd5 cxd5 14. Nb5 Nb4 15.
Nxd6 Qxd6 16. a3 Nxd3 17. Qxd3 f4 18. Ne5 Bf5 19. Qb3 Rac8 20. f3 Ng5 21. Bxf4
Bc2 22. Qe3 Ne6 23. Bg3 Qe7 24. Rac1 Bf5 25. h3 h6 26. Ng4 Rfe8 27. Rxc8 Rxc8
28. Qe5 Qf7 29. Ne3 Bg6 30. Nxd5 Rd8 31. Qxe6 Rxd5 32. Qxf7+ Kxf7 33. Be5 Rb5
34. b4 a5 35. Bd6 axb4 36. Bxb4 Kf6 37. Rc1 Bf7 38. Rc7 g5 39. Kf2 h5 40. g4
Rb6 41. gxh5 Bxh5 42. d5 Rb5 43. d6 Rf5 44. d7 Rd5 45. d8=Q+ 1-0

[Event "PARDUBICE OPEN  2007 "]
[Site "CEZ arena,  Pardubice  (CZE)"]
[Date "2007.07.24"]
[Round "5"]
[White "Gorovykh, Eduard"]
[Black "Jedlicka, Ales"]
[Result "0-1"]
[WhiteElo "2409"]
[BlackElo "2265"]
[PlyCount "84"]
[EventDate "2007.07.20"]

1. e4 c5 2. Nf3 d6 3. d4 cxd4 4. Nxd4 Nf6 5. Nc3 a6 6. g3 e5 7. Nf3 Be7 8. Bg2
O-O 9. O-O b5 10. a4 b4 11. Nd5 Nxd5 12. Qxd5 Qc7 13. Nh4 Bxh4 14. gxh4 Be6 15.
Qd2 Nc6 16. f4 exf4 17. Qf2 f3 18. Bxf3 Ne5 19. Bf4 b3 20. c3 Bc4 21. Be2 Rae8
22. Rad1 Re6 23. Bxc4 Nxc4 24. Rd4 Qc6 25. Qe2 Ne5 26. Bg3 Rfe8 27. Rfd1 f6 28.
Bxe5 fxe5 29. R4d3 Rf8 30. Rf3 Rg6+ 31. Kh1 Rxf3 32. Qxf3 Qxa4 33. Qf5 Qc4 34.
Rg1 Rf6 35. Qg4 g6 36. h5 Rf4 37. Qg2 Qxe4 38. hxg6 Qxg2+ 39. Kxg2 Rg4+ 40. Kf2
Rxg1 41. gxh7+ Kxh7 42. Kxg1 a5 0-1